LEADER 00968nam a2200217 i 4500 001 000000158487 003 CaOOAMICUS 005 20110303000000.0 008 110303s1904 it u000 u lat u 013 $a135850 040 $aSeMil$bita 100 1 $aHuszar, Eleuthero.$0(OLS)http://semarc/name/29945 245 10$aJus matrimoniale hodiernum Ecclesiae catholicae :$bprojectum codificationis /$cauctore Eleuthero Huszar. 260 $aRoma :$bTip. dell' Unione Cooperativa Editrice,$c1904. 300 $a19 p. ;$c22 cm. 650 4$aMatrimonio - Diritto canonico.$0(OLS)http://semarc/subject/1701 773 0 $t[Miscellanea.$w()24483 850 $aSeMil 852 $aSeMil$W1$xVenegono$y1$m5B I 7/3$j110138$B110138$CSeMilBibl$Z2$F119780 $81 996 $6245$aJus matrimoniale hodiernum Ecclesiae catholicae :$bprojectum codificationis$9(OLS)http://semarc/title/139999 996 $6260$aRoma :$bTip. dell' Unione Cooperativa Editrice$9(OLS)http://semarc/publisher/42733 LEADER 01052nam a2200253 i 4500 001 000000043320 003 CaOOAMICUS 005 20120315000000.0 008 120315s1956 gw u000 u ger u 013 $a14490 040 $aSeMil$bita 245 10$aKatholischer Katechismus der Bistümer Deutschlands. 250 $aAusgabe für die Diözese Aachen. 260 $aM. Gladbach :$bKühlen,$c1956. 300 $a288 p. :$bill. ;$c21 cm. 650 4$aCatechismo della Chiesa Cattolica.$0(OLS)http://semarc/subject/12084 650 4$aCatechismo tedesco.$0(OLS)http://semarc/subject/9235 700 1 $aAachen .$0(OLS)http://semarc/name/21504 710 2 $aDeutsche Bischöfskonferenz.$0(OLS)http://semarc/name/11880 850 $aSeMil 852 $aSeMil$W1$xVenegono$y1$m2B II 129$j9475$B9475$CSeMilBibl$Z2$F9475 $81 961 $aOmaggio: Giavini Don Emilio 996 $6245$aKatholischer Katechismus der Bistümer Deutschlands$9(OLS)http://semarc/title/63582 996 $6260$aM. Gladbach :$bKühlen$9(OLS)http://semarc/publisher/40425